Stargirl Interlude - The Weeknd Lyrics - Statistics

General Stats
  • This quiz has been taken 82 times
  • The average score is 49 of 57
Answer Stats
Hint Answer % Correct
I
100%
I
100%
I
100%
I
100%
I
100%
I
100%
a
97%
a
97%
a
97%
a
97%
star
97%
star,
97%
my
95%
My
95%
My
95%
you
95%
you
95%
you
95%
4x girl
93%
kitchen
93%
had
92%
the
92%
vision
92%
vision
92%
4x boy
90%
cry
90%
love
90%
of
90%
are
88%
in
88%
know
88%
to
88%
back
87%
but
87%
just
87%
cat
85%
want
85%
was
85%
'cause
83%
like
83%
shine
83%
it
82%
it,
82%
screaming
82%
see
82%
nails
78%
shouldn't
78%
arched
75%
And
73%
tops,
70%
counter
68%
position
68%
scratching
68%
hitting
62%
stop
62%
couldn't
60%
were
58%
No matching quizzes found
Score Distribution
Percent of People with Each Score
Percentile by Number Answered
Your Score History
You have not taken this quiz